[Event "IIFL Wealth 4th Mumbai GM"]
[Site "Mumbai"]
[Date "2019.01.05"]
[Round "7"]
[White "Ameir, Moheb"]
[Black "Subhayan Kundu"]
[Result "0-1"]
[WhiteElo "2327"]
[BlackElo "2185"]
[Annotator "NA"]
[PlyCount "88"]
[EventDate "2018.12.30"]
[EventType "swiss"]
[EventCountry "IND"]
[SourceTitle "playchess.com"]
[Source "ChessBase"]
[SourceQuality "1"]
[TimeControl "40/5400+30:1800+30"]

1. e4 {[%emt 0:00:00]} e6 {[%emt 0:00:00]} 2. d4 d5 {[%emt 0:00:00]} 3. Nd2 {[%emt 0:00:00]} Nf6 {[%emt 0:00:00]} 4. e5 {[%emt 0:00:06]} Nfd7 {[%emt 0:00:00]} 5. Bd3 {[%emt 0:00:19]} c5 {[%emt 0:00:00]} 6. c3 {[%emt 0:00:08]} Nc6 {[%emt 0:00:00]} 7. Ne2 {[%emt 0:00:09]} cxd4 {[%emt 0:00:02]} 8. cxd4 {[%emt 0:00:10]} f6 {[%emt 0:00:03]} 9. exf6 {[%emt 0:00:53]} Nxf6 {[%emt 0:00:05]} 10. O-O {[%emt 0:01:06]} Bd6 {[%emt 0:00:03]} 11. Nf3 {[%emt 0:00:39]} O-O {[%emt 0:00:04]} 12. Bf4 {[%emt 0:00:29]} Bxf4 {[%emt 0:00:08]} 13. Nxf4 {[%emt 0:00:02]} Ng4 {[%emt 0:00:10]} 14. Qd2 {[%emt 0:10:34]} Qf6 {[%emt 0:00:08]} 15. Ne2 {[%emt 0:01:21]} e5 {[%emt 0:00:05]} 16. dxe5 {[%emt 0:01:19]} Ngxe5 {[%emt 0:01:12]} 17. Nxe5 {[%emt 0:01:04]} Nxe5 {[%emt 0:00:09]} 18. Rac1 {[%emt 0:17:52]} Bg4 {[%emt 0:13:12]} 19. Nd4 {[%emt 0:10:10]} Qf4 {[%emt 0:10:30]} 20. Rc2 {[%emt 0:06:30]} Rac8 {[%emt 0:09:21]} 21. Qxf4 {[%emt 0:05:06]} Rxf4 {[%emt 0:00:17]} 22. Rxc8+ {[%emt 0:01:08]} Bxc8 {[%emt 0:00:01]} 23. Rd1 {[%emt 0:00:23]} Rxd4 {[%emt 0:00:44]} 24. Bxh7+ {[%emt 0:00:08]} Kxh7 {[%emt 0:00:04]} 25. Rxd4 {[%emt 0:00:08]} Be6 {[%emt 0:00:00]} 26. f4 {[%emt 0:01:06]} Nc6 {[%emt 0:00:22]} 27. Rd2 {[%emt 0:01:55]} d4 {[%emt 0:00:21]} 28. b3 {[%emt 0:11:23]} Kg6 {[%emt 0:00:18]} 29. Re2 {[%emt 0:02:11]} Bg4 {[%emt 0:02:42]} 30. Rd2 {[%emt 0:01:19]} Be6 {[%emt 0:07:32]} 31. Re2 {[%emt 0:00:06]} Bd5 {[%emt 0:03:03]} 32. Re8 {[%emt 0:00:24]} Kf5 {[%emt 0:00:54]} 33. g3 {[%emt 0:00:13]} Be4 {[%emt 0:03:47]} 34. Kf2 {[%emt 0:05:09]} Bb1 {[%emt 0:00:24]} 35. Rg8 {[%emt 0:07:14]} Kf6 {[%emt 0:01:48]} 36. Rf8+ {[%emt 0:01:34]} Ke6 {[%emt 0:00:56]} 37. a3 {[%emt 0:02:11]} d3 {[%emt 0:00:27]} 38. Re8+ {[%emt 0:07:21]} Kf5 {[%emt 0:02:48]} 39. Ke3 {[%emt 0:01:56]} Nd4 {[%emt 0:01:05]} 40. Kd2 {[%emt 0:00:00]} Nxb3+ {[%emt 0:00:00]} 41. Kc3 {[%emt 0:06:29]} d2 {[%emt 0:04:26]} 42. Rd8 {[%emt 0:04:55]} Ke4 {[%emt 0:00:08]} 43. Re8+ {[%emt 0:00:12]} Kf3 {[%emt 0:00:09]} 44. Rd8 {[%emt 0:00:03]} Ke3 {[%emt 0:00:11] Kd4+} 0-1

[Event "IIFL Wealth 4th Mumbai GM"]
[Site "Mumbai"]
[Date "2019.01.05"]
[Round "7"]
[White "Pranav, V."]
[Black "Mahindrakar Indrajeet"]
[Result "1-0"]
[WhiteElo "2318"]
[BlackElo "2106"]
[Annotator "NA"]
[PlyCount "91"]
[EventDate "2018.12.30"]
[EventType "swiss"]
[EventCountry "IND"]
[SourceTitle "playchess.com"]
[Source "ChessBase"]
[SourceQuality "1"]
[TimeControl "40/5400+30:1800+30"]

1. d4 {[%emt 0:00:00]} d5 {[%emt 0:00:31]} 2. Bf4 {[%emt 0:00:00]} c5 {[%emt 0:01:39]} 3. e3 {[%emt 0:00:11]} Nf6 {[%emt 0:02:46]} 4. Nc3 {[%emt 0:00:25]} g6 {[%emt 0:05:18]} 5. Nf3 {[%emt 0:01:37]} Bg7 {[%emt 0:00:53]} 6. Nb5 {[%emt 0:00:26]} Na6 {[%emt 0:01:03]} 7. c3 {[%emt 0:00:43]} O-O {[%emt 0:01:19]} 8. Be2 {[%emt 0:00:33]} Qb6 {[%emt 0:02:57]} 9. a4 {[%emt 0:02:14]} Bd7 {[%emt 0:03:08]} 10. O-O {[%emt 0:10:19]} c4 {[%emt 0:09:24]} 11. b3 {[%emt 0:01:45]} cxb3 {[%emt 0:02:17]} 12. Qxb3 {[%emt 0:01:18]} Rfc8 {[%emt 0:01:50]} 13. c4 {[%emt 0:03:07]} Be6 {[%emt 0:12:28]} 14. c5 {[%emt 0:09:08]} Qa5 {[%emt 0:01:35]} 15. Ng5 {[%emt 0:05:04]} Bf5 {[%emt 0:02:38]} 16. g4 {[%emt 0:00:38]} Bd7 {[%emt 0:05:31]} 17. Nxf7 {[%emt 0:01:16]} Kxf7 {[%emt 0:06:33]} 18. g5 {[%emt 0:00:19]} Nh5 {[%emt 0:17:39]} 19. Bxh5 {[%emt 0:02:07]} gxh5 {[%emt 0:00:41]} 20. Qxd5+ {[%emt 0:00:20]} Be6 {[%emt 0:02:55]} 21. Qe4 {[%emt 0:01:00]} Qd8 {[%emt 0:06:04]} 22. Qxh7 {[%emt 0:01:53]} Qd7 {[%emt 0:02:31]} 23. g6+ {[%emt 0:00:51]} Kf8 {[%emt 0:00:48]} 24. Bh6 {[%emt 0:00:13]} Ke8 {[%emt 0:05:42]} 25. Qxg7 {[%emt 0:06:03]} Qd5 {[%emt 0:00:12]} 26. Qf8+ {[%emt 0:00:27]} Kd7 {[%emt 0:00:18]} 27. Qf4 {[%emt 0:00:13]} Bh3 {[%emt 0:02:31]} 28. Qg3 {[%emt 0:00:30]} Bxf1 {[%emt 0:00:34]} 29. Rxf1 {[%emt 0:00:12]} Rc6 {[%emt 0:00:45]} 30. f4 {[%emt 0:03:56]} Qf5 {[%emt 0:00:21]} 31. Bg5 {[%emt 0:00:30]} Rxg6 {[%emt 0:00:34]} 32. Qf3 {[%emt 0:01:01]} Qg4+ {[%emt 0:00:51]} 33. Qxg4+ {[%emt 0:00:28]} hxg4 {[%emt 0:00:01]} 34. Na3 {[%emt 0:00:16]} Nb4 {[%emt 0:00:46]} 35. Rb1 {[%emt 0:00:44]} a5 {[%emt 0:01:28]} 36. Nc4 {[%emt 0:00:21]} Ke8 {[%emt 0:00:10]} 37. Nxa5 {[%emt 0:00:34]} Nc2 {[%emt 0:00:53]} 38. Nc4 {[%emt 0:00:25]} Rxa4 {[%emt 0:00:38]} 39. Ne5 {[%emt 0:00:01]} Rga6 {[%emt 0:00:41]} 40. Rxb7 {[%emt 0:00:00]} Kf8 {[%emt 0:00:00]} 41. Bxe7+ {[%emt 0:02:23]} Ke8 {[%emt 0:02:26]} 42. Bg5 {[%emt 0:00:55]} Ra8 {[%emt 0:02:23]} 43. Rh7 {[%emt 0:00:29]} Kf8 {[%emt 0:03:34]} 44. Bf6 {[%emt 0:00:11]} Ra1+ {[%emt 0:01:25]} 45. Kf2 {[%emt 0:00:11]} g3+ {[%emt 0:00:31]} 46. hxg3 {[%emt 0:00:13]} 1-0

[Event "IIFL Wealth 4th Mumbai GM"]
[Site "Mumbai"]
[Date "2019.01.05"]
[Round "7"]
[White "Elgabry, Mohsen"]
[Black "Soham Datar"]
[Result "1/2-1/2"]
[WhiteElo "2305"]
[BlackElo "2134"]
[Annotator "NA"]
[PlyCount "152"]
[EventDate "2018.12.30"]
[EventType "swiss"]
[EventCountry "IND"]
[SourceTitle "playchess.com"]
[Source "ChessBase"]
[SourceQuality "1"]
[TimeControl "40/5400+30:1800+30"]

1. Nf3 {[%emt 0:00:00]} d5 {[%emt 0:00:00]} 2. g3 {[%emt 0:00:00]} g6 {[%emt 0:00:00]} 3. Bg2 {[%emt 0:00:00]} Bg7 {[%emt 0:00:00]} 4. d4 {[%emt 0:00:01]} Nf6 {[%emt 0:00:02]} 5. c4 {[%emt 0:00:31]} c6 {[%emt 0:00:05]} 6. O-O {[%emt 0:00:28]} O-O {[%emt 0:00:05]} 7. Nc3 {[%emt 0:00:16]} dxc4 {[%emt 0:01:31]} 8. a4 {[%emt 0:00:16]} a5 {[%emt 0:00:25]} 9. e4 {[%emt 0:01:05]} Nfd7 {[%emt 0:12:26]} 10. Be3 {[%emt 0:01:07]} Na6 {[%emt 0:00:56]} 11. Qe2 {[%emt 0:00:36]} Nb4 {[%emt 0:00:07]} 12. Rfd1 {[%emt 0:00:50]} Nb6 {[%emt 0:01:27]} 13. h3 {[%emt 0:00:25]} Ra6 {[%emt 0:12:13]} 14. Ne5 {[%emt 0:00:26]} Be6 {[%emt 0:01:44]} 15. f4 {[%emt 0:01:28]} f6 {[%emt 0:07:44]} 16. Nf3 {[%emt 0:01:08]} Bf7 {[%emt 0:01:16]} 17. g4 {[%emt 0:00:54]} Qc7 {[%emt 0:03:43]} 18. Ne1 {[%emt 0:04:40]} Bh6 {[%emt 0:02:45]} 19. Qf2 {[%emt 0:00:32]} Rd8 {[%emt 0:07:45]} 20. Bf1 {[%emt 0:05:09]} f5 {[%emt 0:02:53]} 21. d5 {[%emt 0:02:48]} fxe4 {[%emt 0:00:42]} 22. dxc6 {[%emt 0:00:35]} bxc6 {[%emt 0:02:59]} 23. Rxd8+ {[%emt 0:00:53]} Qxd8 {[%emt 0:00:04]} 24. Rd1 {[%emt 0:00:00]} Nd3 {[%emt 0:06:23]} 25. Nxe4 {[%emt 0:00:03]} Nd5 {[%emt 0:01:35]} 26. Nxd3 {[%emt 0:00:36]} cxd3 {[%emt 0:00:42]} 27. Rxd3 {[%emt 0:05:20]} Ra8 {[%emt 0:00:05]} 28. Ng5 {[%emt 0:06:59]} Bxg5 {[%emt 0:02:56]} 29. fxg5 {[%emt 0:00:02]} Qc7 {[%emt 0:01:44]} 30. Bc5 {[%emt 0:02:35]} Nf4 {[%emt 0:02:54]} 31. Rf3 {[%emt 0:00:18]} e5 {[%emt 0:00:18]} 32. Ba3 {[%emt 0:02:05]} Bd5 {[%emt 0:02:28]} 33. Re3 {[%emt 0:01:18]} e4 {[%emt 0:06:48]} 34. Rg3 {[%emt 0:05:40]} Qe5 {[%emt 0:03:55]} 35. h4 {[%emt 0:01:15]} Re8 {[%emt 0:00:16]} 36. Re3 {[%emt 0:02:28]} Bf7 {[%emt 0:07:53]} 37. b3 {[%emt 0:02:29]} Nd5 {[%emt 0:00:23]} 38. Bb2 {[%emt 0:02:07]} Qe6 {[%emt 0:01:06]} 39. Be2 {[%emt 0:00:00]} Qd6 {[%emt 0:00:00]} 40. Bc4 {[%emt 0:00:00]} Nf4 {[%emt 0:00:00]} 41. Bf1 {[%emt 0:10:42]} Nd5 {[%emt 0:17:12]} 42. Bc4 {[%emt 0:05:17]} Qf4 {[%emt 0:08:57]} 43. Qxf4 {[%emt 0:05:00]} Nxf4 {[%emt 0:00:02]} 44. Bc3 {[%emt 0:00:13]} Bxc4 {[%emt 0:02:20]} 45. bxc4 {[%emt 0:00:02]} Nd3 {[%emt 0:00:14]} 46. Bxa5 {[%emt 0:02:55]} Nb2 {[%emt 0:00:10]} 47. Be1 {[%emt 0:01:41]} Nxa4 {[%emt 0:00:22]} 48. Ra3 {[%emt 0:01:17]} Nb2 {[%emt 0:01:34]} 49. Ra7 {[%emt 0:04:22]} Nxc4 {[%emt 0:00:09]} 50. Bc3 {[%emt 0:00:12]} Ne5 {[%emt 0:00:17]} 51. Kf1 {[%emt 0:01:12]} Nxg4 {[%emt 0:04:11]} 52. Rg7+ {[%emt 0:00:47]} Kf8 {[%emt 0:00:01]} 53. Rxh7 {[%emt 0:00:19]} Ne3+ {[%emt 0:00:14]} 54. Ke2 {[%emt 0:02:23]} Nf5 {[%emt 0:01:46]} 55. Rd7 {[%emt 0:12:25]} Re6 {[%emt 0:01:04]} 56. Rh7 {[%emt 0:02:22]} e3 {[%emt 0:00:21]} 57. Be1 {[%emt 0:01:03]} Nd4+ {[%emt 0:02:54]} 58. Kd3 {[%emt 0:00:02]} c5 {[%emt 0:00:43]} 59. Rc7 {[%emt 0:00:20]} Nf3 {[%emt 0:04:11]} 60. Ke2 {[%emt 0:00:01]} Nxe1 {[%emt 0:01:01]} 61. Kxe1 {[%emt 0:00:01]} Re5 {[%emt 0:00:21]} 62. Ke2 {[%emt 0:00:14]} Kg8 {[%emt 0:00:45]} 63. Rd7 {[%emt 0:02:39]} Re4 {[%emt 0:00:17]} 64. Rb7 {[%emt 0:01:14]} Rxh4 {[%emt 0:00:43]} 65. Rc7 {[%emt 0:01:28]} Rc4 {[%emt 0:01:34]} 66. Kxe3 {[%emt 0:00:02]} Kf8 {[%emt 0:00:14]} 67. Kd3 {[%emt 0:00:06]} Rd4+ {[%emt 0:00:04]} 68. Ke3 {[%emt 0:00:00]} Rd5 {[%emt 0:00:09]} 69. Kf4 {[%emt 0:00:23]} Rf5+ {[%emt 0:00:56]} 70. Kg4 {[%emt 0:00:02]} Rd5 {[%emt 0:00:24]} 71. Kf4 {[%emt 0:00:01]} Rf5+ {[%emt 0:00:55]} 72. Kg4 {[%emt 0:00:00]} Ke8 {[%emt 0:00:31]} 73. Rg7 {[%emt 0:00:18]} c4 {[%emt 0:00:27]} 74. Rc7 {[%emt 0:00:01]} Ra5 {[%emt 0:00:40]} 75. Rxc4 {[%emt 0:00:02]} Kf7 {[%emt 0:00:14]} 76. Rc7+ {[%emt 0:00:33]} Kg8 {[%emt 0:00:09]} 1/2-1/2

[Event "IIFL Wealth 4th Mumbai GM"]
[Site "Mumbai"]
[Date "2019.01.05"]
[Round "7"]
[White "Srijit Paul"]
[Black "Sundararajan, Kidambi"]
[Result "1/2-1/2"]
[WhiteElo "2298"]
[BlackElo "2458"]
[Annotator "ChessBase"]
[PlyCount "81"]
[EventDate "2018.12.30"]
[EventType "swiss"]
[EventCountry "IND"]
[SourceTitle "playchess.com"]
[Source "ChessBase"]
[SourceQuality "1"]
[TimeControl "40/5400+30:1800+30"]

1. e4 {[%emt 0:00:00]} e5 {[%emt 0:00:00]} 2. Nf3 {[%emt 0:00:00]} Nc6 {[%emt 0:00:00]} 3. Bb5 {[%emt 0:00:07]} a6 {[%emt 0:00:03]} 4. Ba4 {[%emt 0:00:05]} Nf6 {[%emt 0:00:25]} 5. O-O {[%emt 0:00:06]} Be7 {[%emt 0:00:31]} 6. Re1 {[%emt 0:00:05]} d6 {[%emt 0:00:28]} 7. c3 {[%emt 0:00:50]} Bg4 {[%emt 0:00:55]} 8. h3 {[%emt 0:04:18]} Bh5 {[%emt 0:00:59]} 9. d3 {[%emt 0:00:23]} Nd7 {[%emt 0:00:27]} 10. Nbd2 {[%emt 0:02:02]} Nc5 {[%emt 0:01:59]} 11. Bc2 {[%emt 0:02:16]} Ne6 {[%emt 0:00:20]} 12. Nf1 {[%emt 0:00:12]} Ng5 {[%emt 0:03:53]} 13. Bxg5 {[%emt 0:08:16]} Bxg5 {[%emt 0:00:11]} 14. Ng3 {[%emt 0:00:05]} Bxf3 {[%emt 0:00:13]} 15. Qxf3 {[%emt 0:00:05]} O-O {[%emt 0:02:04]} 16. Rad1 {[%emt 0:02:31]} g6 {[%emt 0:03:59]} 17. d4 {[%emt 0:01:34]} Qf6 {[%emt 0:04:41]} 18. Qd3 {[%emt 0:05:25]} Bh4 {[%emt 0:09:07]} 19. Ba4 {[%emt 0:01:23]} b5 {[%emt 0:04:05]} 20. Bb3 {[%emt 0:00:06]} Na5 {[%emt 0:01:14]} 21. dxe5 {[%emt 0:06:22]} dxe5 {[%emt 0:02:53]} 22. Qd7 {[%emt 0:01:32]} Rac8 {[%emt 0:13:02]} 23. Qg4 {[%emt 0:07:39]} Bxg3 {[%emt 0:00:27]} 24. Qxg3 {[%emt 0:00:31]} Rcd8 {[%emt 0:02:31]} 25. Rd5 {[%emt 0:01:55]} Rxd5 {[%emt 0:05:28]} 26. exd5 {[%emt 0:00:06]} Re8 {[%emt 0:00:58]} 27. Qe3 {[%emt 0:03:43]} Qd6 {[%emt 0:02:15]} 28. Rd1 {[%emt 0:01:06]} f5 {[%emt 0:05:22]} 29. f3 {[%emt 0:04:28]} e4 {[%emt 0:03:20]} 30. fxe4 {[%emt 0:01:14]} Rxe4 {[%emt 0:00:28]} 31. Qf2 {[%emt 0:01:09]} Nxb3 {[%emt 0:05:22]} 32. axb3 {[%emt 0:00:12]} Qe5 {[%emt 0:00:22]} 33. Qa7 {[%emt 0:02:41]} Re2 {[%emt 0:14:40]} 34. Kh1 {[%emt 0:03:06]} Rxb2 {[%emt 0:07:53]} 35. Qxa6 {[%emt 0:00:46]} Rxg2 {[%emt 0:04:37]} 36. Kxg2 {[%emt 0:02:28]} Qe2+ {[%emt 0:00:11]} 37. Kg3 {[%emt 0:00:07]} Qe3+ {[%emt 0:00:20]} 38. Kg2 {[%emt 0:00:07]} Qe2+ {[%emt 0:00:06]} 39. Kg3 {[%emt 0:00:04]} Qe3+ {[%emt 0:00:11]} 40. Kg2 {[%emt 0:00:00]} Qe2+ {[%emt 0:00:00]} 41. Kg3 1/2-1/2

[Event "IIFL Wealth 4th Mumbai GM"]
[Site "Mumbai"]
[Date "2019.01.05"]
[Round "7"]
[White "Sangma, Rahul"]
[Black "Ankit, R. Rajpara"]
[Result "0-1"]
[WhiteElo "2289"]
[BlackElo "2465"]
[Annotator "ChessBase"]
[PlyCount "43"]
[EventDate "2018.12.30"]
[EventType "swiss"]
[EventCountry "IND"]
[SourceTitle "playchess.com"]
[Source "ChessBase"]
[SourceQuality "1"]
[TimeControl "40/5400+30:1800+30"]

1. Nf3 {[%emt 0:00:00]} d5 {[%emt 0:00:00]} 2. e3 {[%emt 0:00:00]} Nf6 {[%emt 0:00:45]} 3. c4 {[%emt 0:00:01]} c6 {[%emt 0:00:19]} 4. Nc3 {[%emt 0:00:02]} e6 {[%emt 0:00:16]} 5. b3 {[%emt 0:00:20]} Bd6 {[%emt 0:00:10]} 6. Qc2 {[%emt 0:00:12]} e5 {[%emt 0:00:47]} 7. cxd5 {[%emt 0:01:24]} cxd5 {[%emt 0:00:09]} 8. Nb5 {[%emt 0:00:14]} Nc6 {[%emt 0:10:07]} 9. Nxd6+ {[%emt 0:02:07]} Qxd6 {[%emt 0:00:08]} 10. Bb5 {[%emt 0:03:09]} O-O {[%emt 0:02:47]} 11. Bxc6 {[%emt 0:04:14]} bxc6 {[%emt 0:00:12]} 12. Bb2 {[%emt 0:00:03]} e4 {[%emt 0:17:54]} 13. Nd4 {[%emt 0:03:12]} c5 {[%emt 0:08:20]} 14. Nb5 {[%emt 0:25:19]} Qc6 {[%emt 0:09:09]} 15. Bxf6 {[%emt 0:03:45]} Qxb5 {[%emt 0:03:32]} 16. a4 {[%emt 0:00:01]} Qa6 {[%emt 0:02:00]} 17. Bb2 {[%emt 0:07:40]} Bg4 {[%emt 0:00:27]} 18. d3 {[%emt 0:00:15]} exd3 {[%emt 0:00:44]} 19. Qc3 {[%emt 0:00:59]} d4 {[%emt 0:07:26]} 20. Qc4 {[%emt 0:00:12]} Qg6 {[%emt 0:06:15]} 21. Qxc5 {[%emt 0:16:13]} d2+ {[%emt 0:00:44]} 22. Kxd2 {[%emt 0:00:09]} 0-1

[Event "IIFL Wealth 4th Mumbai GM"]
[Site "Mumbai"]
[Date "2019.01.05"]
[Round "7"]
[White "Sarwat, Walaa"]
[Black "Lama, Milan"]
[Result "1-0"]
[WhiteElo "2276"]
[BlackElo "1897"]
[Annotator "NA"]
[PlyCount "111"]
[EventDate "2018.12.30"]
[EventType "swiss"]
[EventCountry "IND"]
[SourceTitle "playchess.com"]
[Source "ChessBase"]
[SourceQuality "1"]
[TimeControl "40/5400+30:1800+30"]

1. e4 {[%emt 0:00:00]} c5 {[%emt 0:00:00]} 2. Nf3 {[%emt 0:00:03]} g6 {[%emt 0:00:10]} 3. Nc3 {[%emt 0:01:41]} Bg7 {[%emt 0:00:34]} 4. d4 {[%emt 0:00:29]} cxd4 {[%emt 0:00:26]} 5. Nxd4 {[%emt 0:00:14]} Nc6 {[%emt 0:00:15]} 6. Be3 {[%emt 0:00:15]} Nf6 {[%emt 0:00:17]} 7. Bc4 {[%emt 0:03:18]} Qa5 {[%emt 0:01:39]} 8. O-O {[%emt 0:00:23]} O-O {[%emt 0:00:21]} 9. Bb3 {[%emt 0:00:33]} d6 {[%emt 0:00:22]} 10. h3 {[%emt 0:00:17]} Bd7 {[%emt 0:00:42]} 11. f4 {[%emt 0:03:09]} Nxd4 {[%emt 0:01:55]} 12. Bxd4 {[%emt 0:00:33]} Bc6 {[%emt 0:03:08]} 13. Qd3 {[%emt 0:04:54]} Rad8 {[%emt 0:00:56]} 14. Qe3 {[%emt 0:11:16]} Nd7 {[%emt 0:06:29]} 15. Bxg7 {[%emt 0:03:01]} Kxg7 {[%emt 0:00:07]} 16. Qd4+ {[%emt 0:09:46]} f6 {[%emt 0:07:08]} 17. Qd2 {[%emt 0:01:24]} Nc5 {[%emt 0:05:35]} 18. Kh2 {[%emt 0:04:15]} Qc7 {[%emt 0:11:09]} 19. Rae1 {[%emt 0:03:31]} Nxb3 {[%emt 0:06:58]} 20. axb3 {[%emt 0:03:32]} e6 {[%emt 0:01:38]} 21. Qd4 {[%emt 0:02:35]} a6 {[%emt 0:00:53]} 22. Rf2 {[%emt 0:04:10]} Rf7 {[%emt 0:04:49]} 23. Kg1 {[%emt 0:01:01]} Qa5 {[%emt 0:18:05]} 24. b4 {[%emt 0:03:09]} Qc7 {[%emt 0:01:10]} 25. Rd2 {[%emt 0:06:45]} Bb5 {[%emt 0:04:37]} 26. Nxb5 {[%emt 0:03:32]} axb5 {[%emt 0:00:09]} 27. c3 {[%emt 0:00:36]} Rfd7 {[%emt 0:02:04]} 28. Ra1 {[%emt 0:01:10]} d5 {[%emt 0:02:44]} 29. e5 {[%emt 0:00:25]} fxe5 {[%emt 0:01:30]} 30. fxe5 {[%emt 0:00:49]} Rf8 {[%emt 0:02:40]} 31. Ra5 {[%emt 0:05:37]} Rdf7 {[%emt 0:02:43]} 32. Re2 {[%emt 0:02:46]} Rf4 {[%emt 0:01:52]} 33. Qd3 {[%emt 0:08:51]} Qf7 {[%emt 0:05:52]} 34. Kh2 {[%emt 0:06:29]} Rf1 {[%emt 0:00:54]} 35. Qg3 {[%emt 0:00:29]} Rh1+ {[%emt 0:02:57]} 36. Kxh1 {[%emt 0:00:14]} Qf1+ {[%emt 0:00:04]} 37. Kh2 {[%emt 0:00:07]} Qxe2 {[%emt 0:00:04]} 38. Ra7 {[%emt 0:01:10]} Rf7 {[%emt 0:00:19]} 39. b3 {[%emt 0:01:19]} h6 {[%emt 0:01:55]} 40. Ra8 {[%emt 0:00:00]} Rf5 {[%emt 0:00:00]} 41. Rb8 {[%emt 0:01:57]} Rg5 {[%emt 0:14:45]} 42. Rxb7+ {[%emt 0:00:28]} Kg8 {[%emt 0:00:03]} 43. Qf3 {[%emt 0:02:47]} Qxe5+ {[%emt 0:00:19]} 44. Kg1 {[%emt 0:01:31]} Rf5 {[%emt 0:01:42]} 45. Qd3 {[%emt 0:01:30]} Qe1+ {[%emt 0:06:39]} 46. Kh2 {[%emt 0:00:18]} Qe5+ {[%emt 0:00:03]} 47. Qg3 {[%emt 0:01:02]} d4 {[%emt 0:02:04]} 48. c4 {[%emt 0:18:32]} bxc4 {[%emt 0:04:17]} 49. bxc4 {[%emt 0:00:36]} Qxg3+ {[%emt 0:05:22]} 50. Kxg3 {[%emt 0:00:09]} Kf8 {[%emt 0:00:20]} 51. c5 {[%emt 0:02:11]} Ke8 {[%emt 0:00:16]} 52. c6 {[%emt 0:01:00]} d3 {[%emt 0:02:56]} 53. Rd7 {[%emt 0:01:22]} Rb5 {[%emt 0:01:34]} 54. Rxd3 {[%emt 0:00:28]} Rb8 {[%emt 0:00:56]} 55. b5 {[%emt 0:00:45]} Ke7 {[%emt 0:00:33]} 56. c7 {[%emt 0:00:15]} 1-0

[Event "IIFL Wealth 4th Mumbai GM"]
[Site "Mumbai"]
[Date "2019.01.05"]
[Round "7"]
[White "Balasubramaniam H"]
[Black "Das, Sayantan"]
[Result "0-1"]
[WhiteElo "2270"]
[BlackElo "2453"]
[Annotator "ChessBase"]
[PlyCount "132"]
[EventDate "2018.12.30"]
[EventType "swiss"]
[EventCountry "IND"]
[SourceTitle "playchess.com"]
[Source "ChessBase"]
[SourceQuality "1"]
[TimeControl "40/5400+30:1800+30"]

1. e4 {[%emt 0:00:00]} c5 {[%emt 0:00:00]} 2. c3 {[%emt 0:00:00]} e6 {[%emt 0:01:59]} 3. d4 {[%emt 0:00:00]} d5 {[%emt 0:00:05]} 4. exd5 {[%emt 0:00:01]} exd5 {[%emt 0:00:31]} 5. Nf3 {[%emt 0:02:32]} Nc6 {[%emt 0:01:16]} 6. Be2 {[%emt 0:00:36]} Nf6 {[%emt 0:03:41]} 7. O-O {[%emt 0:00:36]} Be6 {[%emt 0:03:02]} 8. dxc5 {[%emt 0:16:13]} Bxc5 {[%emt 0:01:04]} 9. b4 {[%emt 0:00:15]} Bb6 {[%emt 0:05:40]} 10. b5 {[%emt 0:01:51]} Ne7 {[%emt 0:02:49]} 11. Nd4 {[%emt 0:00:57]} O-O {[%emt 0:01:50]} 12. Nd2 {[%emt 0:05:18]} Rc8 {[%emt 0:03:26]} 13. Bb2 {[%emt 0:01:02]} Nf5 {[%emt 0:05:04]} 14. Bd3 {[%emt 0:01:47]} Nxd4 {[%emt 0:05:45]} 15. cxd4 {[%emt 0:00:02]} Bg4 {[%emt 0:01:11]} 16. f3 {[%emt 0:02:48]} Bh5 {[%emt 0:01:40]} 17. a4 {[%emt 0:03:07]} Bg6 {[%emt 0:08:26]} 18. Bxg6 {[%emt 0:01:05]} hxg6 {[%emt 0:01:50]} 19. Nb3 {[%emt 0:00:21]} Nh5 {[%emt 0:11:03]} 20. Qd2 {[%emt 0:03:28]} Rc4 {[%emt 0:03:14]} 21. g4 {[%emt 0:04:24]} Nf6 {[%emt 0:01:42]} 22. Qd3 {[%emt 0:02:12]} Rc8 {[%emt 0:07:46]} 23. Nc5 {[%emt 0:04:59]} Nd7 {[%emt 0:04:50]} 24. Nxd7 {[%emt 0:05:29]} Qxd7 {[%emt 0:00:02]} 25. Rac1 {[%emt 0:02:10]} Rfe8 {[%emt 0:04:46]} 26. Qd2 {[%emt 0:05:20]} Rxc1 {[%emt 0:02:48]} 27. Rxc1 {[%emt 0:00:06]} Qe7 {[%emt 0:00:38]} 28. Kf1 {[%emt 0:02:20]} Ba5 {[%emt 0:06:41]} 29. Bc3 {[%emt 0:03:08]} Bxc3 {[%emt 0:00:20]} 30. Rxc3 {[%emt 0:01:23]} Qb4 {[%emt 0:00:59]} 31. Qc2 {[%emt 0:00:05]} Kh7 {[%emt 0:01:57]} 32. Kg2 {[%emt 0:08:49]} Qxd4 {[%emt 0:01:28]} 33. Rd3 {[%emt 0:00:04]} Qe5 {[%emt 0:01:56]} 34. Qd2 {[%emt 0:00:05]} Rd8 {[%emt 0:00:46]} 35. Rd4 {[%emt 0:00:50]} b6 {[%emt 0:01:12]} 36. Kg1 {[%emt 0:04:29]} Qd6 {[%emt 0:03:30]} 37. Kg2 {[%emt 0:00:32]} Qc5 {[%emt 0:00:24]} 38. Qd3 {[%emt 0:07:03]} Rd6 {[%emt 0:00:52]} 39. Qd2 {[%emt 0:00:59]} Rd7 {[%emt 0:00:58]} 40. Qd3 {[%emt 0:00:00]} Qd6 {[%emt 0:00:00]} 41. Qd2 {[%emt 0:06:24]} Qe5 {[%emt 0:01:00]} 42. Qd3 {[%emt 0:01:21]} Rd6 {[%emt 0:07:38]} 43. Qd2 {[%emt 0:03:42]} g5 {[%emt 0:01:48]} 44. Qd3+ {[%emt 0:05:27]} Kg8 {[%emt 0:00:24]} 45. Qd2 {[%emt 0:01:01]} Rh6 {[%emt 0:00:40]} 46. Kh1 {[%emt 0:02:16]} Rd6 {[%emt 0:02:43]} 47. Kg2 {[%emt 0:00:10]} Rd7 {[%emt 0:00:43]} 48. Qd3 {[%emt 0:00:41]} Rd8 {[%emt 0:00:17]} 49. Qd2 {[%emt 0:00:15]} Rd6 {[%emt 0:00:10]} 50. Kg1 {[%emt 0:03:02]} g6 {[%emt 0:05:58]} 51. Kg2 {[%emt 0:00:25]} Kg7 {[%emt 0:00:13]} 52. Qd3 {[%emt 0:00:31]} Rd8 {[%emt 0:00:38]} 53. Qd2 {[%emt 0:00:12]} Rh8 {[%emt 0:07:38]} 54. f4 {[%emt 0:02:30]} gxf4 {[%emt 0:00:22]} 55. Rxd5 {[%emt 0:00:05]} f3+ {[%emt 0:01:17]} 56. Kf1 {[%emt 0:02:01]} Rxh2 {[%emt 0:03:42]} 57. Rxe5 {[%emt 0:00:31]} Rxd2 {[%emt 0:00:02]} 58. Re7 {[%emt 0:00:05]} Kf6 {[%emt 0:01:14]} 59. Rxa7 {[%emt 0:02:52]} Kg5 {[%emt 0:00:09]} 60. a5 {[%emt 0:00:53]} bxa5 {[%emt 0:00:11]} 61. Rxf7 {[%emt 0:01:04]} Kxg4 {[%emt 0:00:15]} 62. b6 {[%emt 0:00:24]} Rb2 {[%emt 0:00:20]} 63. b7 {[%emt 0:00:15]} g5 {[%emt 0:00:19]} 64. Ke1 {[%emt 0:00:43]} Kg3 {[%emt 0:00:31]} 65. Rf5 {[%emt 0:00:02]} g4 {[%emt 0:00:13]} 66. Rxa5 {[%emt 0:00:05]} f2+ {[%emt 0:00:11]} 0-1